[Event "Titled Tue 20th May Late"]
[Site "chess.com INT"]
[Date "2025.05.20"]
[Round "8"]
[White "Mekhitarian, Krikor Sevag"]
[Black "Roebers, Eline"]
[Result "0-1"]
[WhiteTitle "GM"]
[BlackTitle "IM"]
[WhiteElo "2564"]
[BlackElo "2361"]
[WhiteFideId "2107660"]
[BlackFideId "1058401"]
[EventDate "2025.05.20"]

1. Nf3 f5 2. d3 Nc6 3. d4 e6 4. Nc3 Nf6 5. Bg5 Be7 6. Bxf6 Bxf6 7. e4 d5 8. exf5
exf5 9. Bb5 O-O 10. O-O Ne7 11. Re1 c6 12. Bd3 g5 13. Ne2 f4 14. h3 Qd6 15. Nh2
Nf5 16. c3 Bg7 17. Qc2 h5 18. Kh1 Bd7 19. Ng1 g4 20. hxg4 hxg4 21. Nxg4 Ng3+ 22.
fxg3 Bxg4 23. gxf4 Qh6+ 24. Nh3 Bxh3 25. gxh3 Qxh3+ 26. Qh2 Qxd3 27. Re7 Qf3+
28. Qg2 Qxg2+ 29. Kxg2 Rf7 30. Rae1 Bf6 31. R7e6 Kg7 32. R1e3 Rg8 33. Rg3+ Kf8
34. Rxg8+ Kxg8 35. Kg3 Be7 36. Kg4 Kf8 37. a4 Rg7+ 38. Kf3 Rg1 39. Rh6 Kg7 40.
Rh2 Rf1+ 41. Kg4 Bd6 42. Re2 Rxf4+ 43. Kg5 Re4 44. Rf2 Be7+ 45. Kf5 Kf7 46. Rh2
Ke8 47. Rh8+ Kd7 48. Rh2 Bd6 49. Rg2 Rf4+ 50. Kg5 Rf8 51. Re2 Bg3 52. Kg4 Rf2
53. Re3 Bd6 54. b3 Rb2 55. b4 a5 56. bxa5 Ra2 57. Rh3 Rxa4 58. Rh7+ Be7 59. Kf5
Rxa5 60. Ke5 Ra3 61. Rh3 b5 62. Rd3 b4 0-1

[Event "Titled Tue 20th May Late"]
[Site "chess.com INT"]
[Date "2025.05.20"]
[Round "8"]
[White "Toncheva, Nadya"]
[Black "Kushko, Dmitriy"]
[Result "1-0"]
[WhiteTitle "FM"]
[BlackTitle "IM"]
[WhiteElo "2332"]
[BlackElo "2454"]
[WhiteFideId "2924056"]
[BlackFideId "14162261"]
[EventDate "2025.05.20"]

1. e4 d6 2. d4 Nf6 3. Nc3 g6 4. Be3 c6 5. f3 b5 6. Qd2 Nbd7 7. h4 Nb6 8. g4 h5
9. g5 Nfd7 10. Nh3 a5 11. Nf2 Bg7 12. Bd3 e5 13. d5 cxd5 14. Nxd5 Nxd5 15. exd5
e4 16. Nxe4 Ne5 17. Qe2 Nxd3+ 18. Qxd3 O-O 19. Bd4 Be5 20. f4 Bxd4 21. Qxd4 Re8
22. O-O-O Rxe4 23. Qxe4 Bf5 24. Qd4 Rc8 25. Rd2 Rc4 26. Qe3 Qc7 27. Rhh2 b4 28.
Rhe2 Re4 29. Qf2 Qc4 30. Rxe4 Bxe4 31. Rd4 Qc5 32. Qd2 Bf5 33. c3 Qb5 34. c4 Qa4
35. b3 Qe8 36. Kb2 a4 37. Qxb4 Qe3 38. Qd2 Qf3 39. bxa4 Qf1 40. Ka3 Qb1 41. Qb2
Qg1 42. a5 Qe3+ 43. Kb4 Qe1+ 44. Kb5 Qe8+ 45. Kb4 Qe1+ 46. Qc3 Qb1+ 47. Qb3 Qe1+
48. Kb5 Bd7+ 49. Kb6 Qe8 50. a6 Qd8+ 51. Ka7 Qc7+ 52. Qb7 Qc5+ 53. Qb6 Qa3 54.
Kb8 Qe3 55. Qd8+ 1-0

[Event "Titled Tue 20th May Late"]
[Site "chess.com INT"]
[Date "2025.05.20"]
[Round "8"]
[White "Martin Fuentes, Alberto"]
[Black "Klepek, Witold"]
[Result "1-0"]
[WhiteTitle "FM"]
[BlackTitle "CM"]
[WhiteElo "2376"]
[BlackElo "2253"]
[WhiteFideId "2292289"]
[BlackFideId "1175068"]
[EventDate "2025.05.20"]

1. e4 c5 2. Nc3 Nc6 3. g3 g6 4. d3 Bg7 5. Be3 d6 6. Qd2 Rb8 7. Bg2 b5 8. Nge2 b4
9. Nd1 e5 10. O-O Nge7 11. Bh6 O-O 12. Bxg7 Kxg7 13. Ne3 Be6 14. f4 f6 15. Rf2
Nd4 16. Raf1 Qa5 17. a3 Qa4 18. axb4 Qxb4 19. Qxb4 Rxb4 20. b3 Nxe2+ 21. Rxe2 a5
22. Ra1 Ra8 23. f5 Bf7 24. fxg6 hxg6 25. Rf2 a4 26. bxa4 Raxa4 27. Raf1 Ng8 28.
Ng4 f5 29. Ne3 Ne7 30. exf5 gxf5 31. Nxf5+ Nxf5 32. Rxf5 Bg6 33. Rf6 Rd4 34. Re6
Ra2 35. Rff6 Bf7 36. Rxd6 Rxd6 37. Rxd6 Rxc2 38. Be4 Re2 39. h4 c4 40. Kf1 Rd2
41. Ke1 Rh2 42. Rc6 cxd3 43. Bxd3 Bd5 44. Rc5 Rh1+ 45. Kf2 Rh2+ 46. Ke3 Bf7 47.
Rxe5 Kf6 48. Rf5+ Kg7 49. Be4 Ra2 50. Kf4 Ra4 51. Re5 Bg6 52. g4 Rb4 53. h5 Bh7
54. Kf3 Rb3+ 55. Kf4 Rb4 56. g5 Bg8 57. Kf5 Rb2 58. h6+ Kh8 59. g6 Rf2+ 60. Kg5
Bf7 61. gxf7 1-0

[Event "Titled Tue 20th May Late"]
[Site "chess.com INT"]
[Date "2025.05.20"]
[Round "8"]
[White "Burmakin, Vladimir"]
[Black "Hernandez Bermudez, Ulises Eduardo"]
[Result "1-0"]
[WhiteTitle "GM"]
[WhiteElo "2435"]
[BlackElo "2042"]
[WhiteFideId "4105109"]
[BlackFideId "3902510"]
[EventDate "2025.05.20"]

1. d4 Nf6 2. Nf3 g6 3. Bf4 Bg7 4. e3 d6 5. Be2 O-O 6. O-O Nbd7 7. h3 e5 8. dxe5
Nh5 9. Bg5 f6 10. exf6 Nhxf6 11. c3 Kh8 12. Nbd2 h6 13. Bf4 Qe7 14. Bh2 b6 15.
Nh4 Qf7 16. Qc2 Bb7 17. Nxg6+ Kg8 18. Nxf8 Rxf8 19. Bc4 d5 20. Bd3 c5 21. Bg6
Qe7 22. Rae1 Ne5 23. Bxe5 Qxe5 24. Nf3 Qd6 25. Nh2 Ne4 26. Bh5 Be5 27. f4 Bg7
28. Bf3 Ba6 29. Be2 Bxe2 30. Rxe2 Ng3 31. Rd2 Nxf1 32. Nxf1 d4 33. cxd4 cxd4 34.
Qc4+ Kh8 35. g3 Rd8 36. e4 Qg6 37. Qd3 Rc8 38. e5 Qh5 39. Kg2 Rd8 40. Qe4 Bf8
41. g4 Qf7 42. Rxd4 Rc8 43. b3 h5 44. g5 Rc1 45. e6 Qc7 46. Rd7 Qc2+ 47. Qxc2
Rxc2+ 48. Rd2 Rc7 49. f5 Kg7 50. f6+ Kg6 51. e7 Bxe7 52. fxe7 Rxe7 53. h4 Re4
54. Kh3 Re1 55. Ng3 Re3 56. Rd6+ Kg7 57. Rd7+ Kg6 58. Rxa7 Rc3 59. Ra6 Kf7 60.
Rxb6 Rc2 61. a4 Rc3 62. a5 1-0

[Event "Titled Tue 20th May Late"]
[Site "chess.com INT"]
[Date "2025.05.20"]
[Round "8"]
[White "Zilberstein, Dmitry"]
[Black "Rozman, Levy"]
[Result "0-1"]
[WhiteTitle "IM"]
[BlackTitle "IM"]
[WhiteElo "2358"]
[BlackElo "2324"]
[WhiteFideId "2010739"]
[BlackFideId "2039877"]
[EventDate "2025.05.20"]

1. d4 g6 2. Nf3 Bg7 3. c4 d6 4. Nc3 Nc6 5. d5 Nb8 6. e4 Bg4 7. Be2 Nf6 8. O-O
O-O 9. Be3 c5 10. Nd2 Bxe2 11. Qxe2 Na6 12. f4 Nd7 13. Kh1 Nc7 14. a4 Na6 15.
Nf3 Nb4 16. e5 Qc7 17. e6 fxe6 18. Ng5 exd5 19. Ne6 Qc6 20. Nxf8 Rxf8 21. cxd5
Nxd5 22. Nxd5 Qxd5 23. Bg1 Bf6 24. Rfd1 Qc6 25. Qc4+ Kg7 26. Qb5 a6 27. Qe2 Nb6
28. a5 Nd5 29. Qd2 Nb4 30. Rac1 Qe4 31. Re1 Qd5 32. Red1 Qa2 33. Qe2 Qxa5 34. g4
Qb5 35. Qg2 Qc6 36. g5 Bxb2 37. Rb1 Bc3 38. Rbc1 Bb2 39. Rb1 Bc3 40. Rbc1 Qxg2+
41. Kxg2 Bd4 42. Bxd4+ cxd4 43. Rc7 Nd5 44. Rxb7 Ne3+ 45. Kf3 Nxd1 46. Rxe7+ Rf7
47. Re4 d3 48. Rd4 Nb2 49. Ke3 Re7+ 50. Kd2 Re2+ 51. Kc3 Rc2+ 52. Kb3 Rxh2 53.
Rxd6 Rf2 54. Rd7+ Kg8 55. Kc3 a5 56. Rd8+ Kf7 57. Rd7+ Ke6 58. Rxh7 Rc2+ 59. Kb3
Rc5 60. Kxb2 d2 61. Rh1 Kf5 0-1

[Event "Titled Tue 20th May Late"]
[Site "chess.com INT"]
[Date "2025.05.20"]
[Round "8"]
[White "Sobek, Jaroslav"]
[Black "Skramstad, Oda Kofoed"]
[Result "1/2-1/2"]
[WhiteTitle "FM"]
[BlackTitle "WCM"]
[WhiteElo "2195"]
[BlackElo "1898"]
[WhiteFideId "301388"]
[BlackFideId "1564862"]
[EventDate "2025.05.20"]

1. d4 Nf6 2. c4 g6 3. Nc3 Bg7 4. e4 d6 5. h3 O-O 6. Bg5 h6 7. Be3 e5 8. d5 c6 9.
Nf3 cxd5 10. cxd5 Qa5 11. Nd2 Bd7 12. Be2 b5 13. a3 Na6 14. O-O Rac8 15. b4 Qd8
16. Qb3 Nc7 17. Rfc1 Nh7 18. Bxa7 f5 19. f3 f4 20. Bf2 g5 21. a4 bxa4 22. Nxa4
Rb8 23. Nb6 Be8 24. Ndc4 Rf6 25. Ra7 Nb5 26. Ra5 h5 27. Nxe5 Rxb6 28. Nc6 Bxc6
29. dxc6+ Kh8 30. Bxb5 Qc7 31. Ra8+ Rf8 32. Bf1 Rxa8 33. Bxb6 Qxb6+ 34. Kh1 Rc8
35. b5 Nf6 36. Qe6 Re8 37. Qf5 g4 38. c7 Qe3 39. c8=Q Rxc8 40. Qxc8+ Kh7 41.
hxg4 hxg4 42. Rd1 gxf3 43. Qh3+ Kg8 44. Qxf3 Qc5 45. Qh3 Kf8 46. Qe6 f3 47.
Qxd6+ Qxd6 48. Rxd6 fxg2+ 49. Bxg2 Ke7 50. Rc6 Nd7 51. Rc7 Be5 52. Ra7 Kd6 53.
b6 Kc6 54. Bh3 Nxb6 55. Rf7 Nc4 56. Rf5 Kd6 57. Bg2 Nd2 58. Rh5 Ke6 59. Rh6+ Ke7
60. Rh7+ Ke6 61. Rh6+ Ke7 62. Rh5 Ke6 63. Rh6+ 1/2-1/2

[Event "Titled Tue 20th May Late"]
[Site "chess.com INT"]
[Date "2025.05.20"]
[Round "8"]
[White "Zhou, Abigail"]
[Black "Andrade, Ivan"]
[Result "0-1"]
[WhiteTitle "WCM"]
[BlackTitle "FM"]
[WhiteElo "1744"]
[BlackElo "2161"]
[WhiteFideId "39922081"]
[BlackFideId "14800039"]
[EventDate "2025.05.20"]

1. e4 c5 2. Nf3 d6 3. d4 cxd4 4. Nxd4 Nf6 5. Nc3 a6 6. Be2 e6 7. O-O Be7 8. Be3
O-O 9. f4 Qc7 10. a4 Nc6 11. Bf3 Re8 12. Qd2 Bd7 13. Qf2 Nxd4 14. Bxd4 Bc6 15.
Rad1 b5 16. axb5 axb5 17. Rfe1 b4 18. Nb1 e5 19. Be3 Qb7 20. Nd2 Ra2 21. Nc4
Nxe4 22. Bxe4 Bxe4 23. fxe5 dxe5 24. Nxe5 Bf6 25. Nd7 Be7 26. Ne5 f5 27. Qe2 Qa6
28. Qh5 g6 29. Qe2 Qxe2 30. Rxe2 Rxb2 31. Rdd2 Bf6 32. Nc4 Rb1+ 33. Kf2 Bc3 34.
Rd7 Ra1 35. Nd6 Rb8 36. Nxe4 fxe4 37. Bf4 Rf8 38. Rxe4 g5 39. Kg3 gxf4+ 40. Kh3
Ra6 41. Ree7 Rh6+ 42. Kg4 Rg6+ 43. Kf3 Rg7 44. Rxg7+ Bxg7 45. Rb7 Bc3 46. Rd7
Re8 47. Rd3 Re3+ 48. Rxe3 fxe3 49. Kxe3 Kf7 50. Kf3 Kg6 51. Kg4 h5+ 52. Kf4 Bd2+
53. Ke4 Kg5 54. Kd3 Bc3 55. Ke4 Kg4 56. Ke3 h4 57. Ke4 h3 58. g3 Be1 0-1

[Event "Titled Tue 20th May Late"]
[Site "chess.com INT"]
[Date "2025.05.20"]
[Round "8"]
[White "Arabidze, Meri"]
[Black "Bratovic, Blaz"]
[Result "1-0"]
[WhiteTitle "IM"]
[BlackTitle "IM"]
[WhiteElo "2440"]
[BlackElo "2319"]
[WhiteFideId "13604040"]
[BlackFideId "14603551"]
[EventDate "2025.05.20"]

1. d4 f5 2. Nf3 Nf6 3. g3 e6 4. Bg2 d5 5. O-O c6 6. c4 Bd6 7. b3 Qe7 8. a4 a5 9.
Ba3 Bxa3 10. Nxa3 O-O 11. Nc2 b6 12. Nce1 Nbd7 13. Nd3 Ba6 14. Qc2 Rac8 15. Rac1
Ne4 16. Qb2 Bb7 17. Rfd1 Rfd8 18. Nf4 Nd6 19. e3 Nf7 20. h4 Ba6 21. Rd2 Nf6 22.
Rdc2 Ne4 23. Bf1 Bb7 24. Rb1 c5 25. cxd5 exd5 26. Rbc1 h6 27. Bh3 Qf6 28. h5
Nfg5 29. Bg2 Nxf3+ 30. Bxf3 Ng5 31. Bg2 Ne4 32. Bxe4 dxe4 33. dxc5 Qxb2 34. Rxb2
Rxc5 35. Rxc5 bxc5 36. Rc2 Rd1+ 37. Kh2 Ba6 38. Rxc5 Rd2 39. Kg1 Rd1+ 40. Kg2
Bf1+ 41. Kh2 Bd3 42. Nxd3 exd3 43. Rxf5 Rb1 44. Rd5 Rxb3 45. Kg2 Kf7 46. Kf3 Ke6
47. Rd4 Rb4 48. Rxd3 Rxa4 49. Rd8 Kf7 50. Ra8 Ra3 51. Ra6 a4 52. g4 Ra2 53. Kg3
a3 54. f3 Kg8 55. Kf4 Kf7 56. Ra7+ Kf8 57. e4 Ra1 58. Ke5 a2 59. Kf4 Ke8 60. Kf5
Kf8 61. Ra8+ Kf7 62. Ra7+ Kf8 63. Kg6 1-0

[Event "Titled Tue 20th May Late"]
[Site "chess.com INT"]
[Date "2025.05.20"]
[Round "8"]
[White "Myagmarsuren, Evsuld"]
[Black "Becking, Stephan"]
[Result "1-0"]
[WhiteTitle "FM"]
[BlackTitle "IM"]
[WhiteElo "2292"]
[BlackElo "2410"]
[WhiteFideId "1551639"]
[BlackFideId "4632478"]
[EventDate "2025.05.20"]

1. e4 e6 2. d4 d5 3. e5 Ne7 4. c3 Qd7 5. Nf3 b6 6. h4 a5 7. h5 h6 8. Nbd2 c5 9.
Nb3 Nec6 10. Be3 a4 11. Nc1 a3 12. b3 cxd4 13. Nxd4 Nxe5 14. Bb5 Nec6 15. Nd3
Bd6 16. Qg4 Rg8 17. Bxh6 e5 18. Nxc6 Nxc6 19. Qg3 e4 20. Bf4 Bxf4 21. Nxf4 Bb7
22. O-O-O Qc7 23. Nxd5 Qxg3 24. fxg3 Kf8 25. Nxb6 Ra5 26. Bxc6 Bxc6 27. Rd8+ Be8
28. Re1 Ke7 29. Rd4 f5 30. g4 Kf6 31. gxf5 Rxf5 32. Nc4 Bxh5 33. Nd6 Rf4 34.
Nxe4+ Kg6 35. Rd6+ Kf5 36. Ng3+ Kg4 37. Nxh5 Kxh5 38. Rd5+ Kg6 39. Re6+ Kf7 40.
Ree5 g6 41. Re2 Ra8 42. c4 Rf1+ 43. Rd1 Rf4 44. Rdd2 Kg7 45. Kc2 Kh6 46. Rf2 Rg4
47. Rd3 Re8 48. Rh3+ Kg5 49. Kc3 Rb8 50. Re2 Kf6 51. Rd3 Rh4 52. Rf2+ Kg7 53. g3
Rh5 54. g4 Rg5 55. Rd4 Rc5 56. Rd7+ Kh6 57. Rh2+ Kg5 58. Rd4 Rc7 59. Rg2 Rbc8
60. Rd5+ Kf6 61. Ra5 Kg7 62. Rxa3 Rd7 63. Ra5 Rd6 64. Re5 Kf6 65. Re3 Ra6 66.
g5+ Kf5 67. a4 Rb8 68. Rf3+ Ke4 69. Rf6 Ra7 70. Re2# 1-0

[Event "Titled Tue 20th May Late"]
[Site "chess.com INT"]
[Date "2025.05.20"]
[Round "8"]
[White "Xiong, Jeffery"]
[Black "Karthikeyan, Murali"]
[Result "1-0"]
[WhiteTitle "GM"]
[BlackTitle "GM"]
[WhiteElo "2636"]
[BlackElo "2658"]
[WhiteFideId "2047640"]
[BlackFideId "5074452"]
[EventDate "2025.05.20"]

1. d4 Nf6 2. Nf3 d5 3. c4 e6 4. Nc3 a6 5. cxd5 exd5 6. Bg5 Be6 7. e3 c6 8. Bd3
h6 9. Bh4 Bd6 10. Qc2 Nbd7 11. O-O O-O 12. Bg3 Bxg3 13. hxg3 Ne8 14. b4 Nd6 15.
a4 b5 16. e4 dxe4 17. Nxe4 Nxe4 18. Bxe4 Rc8 19. axb5 axb5 20. Ra6 Nf6 21. Bxc6
Qd6 22. Qc5 Rfd8 23. Qxd6 Rxd6 24. Bxb5 Rxa6 25. Bxa6 Rb8 26. b5 Nd5 27. Rc1 Nb4
28. Ne5 Rb6 29. Bc8 Rxb5 30. Bxe6 fxe6 31. Rb1 Rb6 32. Nc4 Rb8 33. Ne5 Nc6 34.
Rxb8+ Nxb8 35. f3 Na6 36. Kf2 Nb4 37. Ke3 Kf8 38. Ke4 Ke7 39. Nd3 Nc6 40. Nf4
Na5 41. Kd3 Kf6 42. g4 Nc6 43. Kc4 Nd8 44. Kc5 g5 45. Nd3 Ke7 46. Ne5 Nb7+ 47.
Kc6 Na5+ 48. Kc7 Nb3 49. Nc6+ Kf6 50. Kd6 Nd2 51. Nd8 Nc4+ 52. Kd7 Ne3 53. Nxe6
Nxg2 54. d5 Ne1 55. Nd4 Ke5 56. d6 Nd3 57. Ke7 Nc5 58. Ne2 Kd5 59. Nc3+ Ke5 60.
Ne4 Nb7 61. d7 Kf4 62. Nc5 Na5 63. Kd6 1-0

[Event "Titled Tue 20th May Late"]
[Site "chess.com INT"]
[Date "2025.05.20"]
[Round "8"]
[White "Manvelyan, Mikayel"]
[Black "Garbuz, Vitaliy"]
[Result "1-0"]
[WhiteTitle "FM"]
[BlackTitle "CM"]
[WhiteElo "2362"]
[BlackElo "2224"]
[WhiteFideId "13310143"]
[BlackFideId "12990710"]
[EventDate "2025.05.20"]

1. e4 c5 2. Nf3 Nc6 3. d4 cxd4 4. Nxd4 g6 5. c4 Bg7 6. Be3 Qb6 7. Nb3 Qd8 8. Nc3
Bxc3+ 9. bxc3 Nf6 10. f3 d6 11. c5 d5 12. exd5 Qxd5 13. Qxd5 Nxd5 14. Bd2 O-O
15. c4 Ndb4 16. Bxb4 Nxb4 17. Kd2 Bf5 18. Kc3 a5 19. Nd4 Rfd8 20. Nxf5 gxf5 21.
a3 Na6 22. Re1 e6 23. Re5 Rac8 24. c6 b6 25. g4 fxg4 26. Rg1 Rd1 27. Rxg4+ Kf8
28. Be2 Re1 29. Kd2 Ra1 30. Rh5 Rxa3 31. Rxh7 Rxc6 32. h4 Nc5 33. h5 Nb3+ 34.
Ke1 Ra1+ 35. Kf2 Rh1 36. Kg2 Re1 37. Kf2 Rh1 38. Bf1 Rc5 39. Rf4 Rf5 40. Rxf5
exf5 41. Bg2 Rc1 42. h6 Rc2+ 43. Kg3 f4+ 44. Kh3 f6 45. Rg7 Rxc4 46. Rg6 Rc7 47.
Kg4 Nd4 48. Kxf4 Ne6+ 49. Kf5 Ng5 50. Kxf6 Nh7+ 51. Kf5 a4 52. f4 a3 53. Bd5 Rc5
54. Ke5 Rxd5+ 55. Kxd5 b5 56. Rg1 b4 57. Kc4 1-0

[Event "Titled Tue 20th May Late"]
[Site "chess.com INT"]
[Date "2025.05.20"]
[Round "8"]
[White "Ibarra Jerez, Jose Carlos"]
[Black "Ribeiro, Matheus Mendes Domingues"]
[Result "1-0"]
[WhiteTitle "GM"]
[BlackTitle "FM"]
[WhiteElo "2545"]
[BlackElo "2294"]
[WhiteFideId "2226332"]
[BlackFideId "324226923"]
[EventDate "2025.05.20"]

1. e4 e6 2. d4 d5 3. Nc3 Nf6 4. Bg5 Bb4 5. e5 h6 6. Bd2 Bxc3 7. bxc3 Ne4 8. Bc1
c5 9. Ne2 cxd4 10. cxd4 Nc6 11. c3 O-O 12. h4 f6 13. f3 fxe5 14. fxe4 exd4 15.
Nxd4 Qf6 16. Be3 Qg6 17. Qc2 Ne5 18. O-O-O dxe4 19. h5 Qg3 20. Rh3 Qg4 21. Rh1
Qg3 22. Qxe4 Ng4 23. Rh3 Nf2 24. Bxf2 Qxf2 25. Bd3 Qf4+ 26. Qxf4 Rxf4 27. Bc4
Kh7 28. Re1 e5 29. Rxe5 Bxh3 30. gxh3 Rc8 31. Bd3+ Kh8 32. Kd2 Rcf8 33. Ne6 Rf2+
34. Ke1 R8f6 35. Bc4 R2f3 36. Kd2 Rf2+ 37. Kc1 R2f3 38. Kb2 Rf2+ 39. Kb3 a6 40.
a4 R2f3 41. Nd4 Rf2 42. a5 Rf8 43. Re7 Rb8 44. Bd5 Rf6 45. Rxb7 Rd8 46. Bc4 g5
47. Rb6 Rxb6+ 48. axb6 Rb8 49. Bxa6 Rxb6+ 50. Bb5 Kh7 51. c4 Kg7 52. c5 Rb8 53.
c6 Kf6 54. Kc4 Ke7 55. Kc5 Kd8 56. Ne6+ Ke7 57. c7 Rh8 58. Kd5 Rg8 59. Ba6 Kd7
60. c8=Q+ Rxc8 61. Bxc8+ Ke7 62. Ng7 Kf6 63. Nf5 g4 64. hxg4 Kg5 65. Ne3 Kf4 66.
Kd4 Kg5 67. Ke4 Kf6 68. Kf4 Kg7 69. Bb7 Kh7 70. Bf3 Kg7 71. Nf5+ Kh7 72. Be4 Kh8
73. Nxh6 1-0

[Event "Titled Tue 20th May Late"]
[Site "chess.com INT"]
[Date "2025.05.20"]
[Round "8"]
[White "Goncharov, Vladimir"]
[Black "Avramidou, Anastasia"]
[Result "0-1"]
[BlackTitle "FM"]
[WhiteElo "2077"]
[BlackElo "2294"]
[WhiteFideId "34162256"]
[BlackFideId "4239873"]
[EventDate "2025.05.20"]

1. d4 Nf6 2. c4 g6 3. Nc3 d6 4. e4 Bg7 5. h3 O-O 6. Be3 a5 7. g4 e5 8. d5 Na6 9.
Nge2 Nc5 10. Ng3 c6 11. Be2 cxd5 12. exd5 a4 13. h4 a3 14. b4 Na6 15. Rb1 Nd7
16. Qd2 f5 17. gxf5 gxf5 18. f4 exf4 19. Bxf4 Nf6 20. h5 Re8 21. h6 Bf8 22. Nh5
Ng4 23. Kf1 Rxe2 24. Qxe2 Bd7 25. Qd3 Rc8 26. Ne2 Qb6 27. Nd4 Nxb4 28. Rg1 Nxd3
29. Rxb6 Rxc4 30. Ne2 Nxf4 31. Nhxf4 Bxh6 32. Ne6 Bf8 33. Rxb7 Bc8 34. Rb8 Kf7
35. N6d4 Ba6 36. Kg2 Ne3+ 37. Kf3 Nxd5 38. Rgb1 Ne7 39. R1b6 Bc8 40. Ra8 Bd7 41.
Ra7 Be8 42. Rbb7 h5 43. Ke3 Bc6 44. Nxc6 Rxc6 45. Nd4 Rc5 46. Rxa3 Re5+ 47. Kd2
Kf6 48. Rh3 Bh6+ 49. Kd3 Kg6 50. Kc4 Bg5 51. Rb8 h4 52. Rh8 Kg7 53. Re8 Kf7 54.
Rd8 Rc5+ 55. Kd3 Nc6 56. Nxc6 Rxc6 57. Rd7+ Ke6 58. Rh7 Kf6 59. Rh2 Ra6 60. Rh5
Kg6 61. Kc4 Kxh5 0-1

[Event "Titled Tue 20th May Late"]
[Site "chess.com INT"]
[Date "2025.05.20"]
[Round "8"]
[White "Caruana, Fabiano"]
[Black "Martinez Alcantara, Jose Eduardo"]
[Result "1-0"]
[WhiteTitle "GM"]
[BlackTitle "GM"]
[WhiteElo "2776"]
[BlackElo "2611"]
[WhiteFideId "2020009"]
[BlackFideId "3805662"]
[EventDate "2025.05.20"]

1. c4 c5 2. Nf3 Nc6 3. Nc3 g6 4. e3 Bg7 5. d4 d6 6. d5 Bxc3+ 7. bxc3 Na5 8. e4
e5 9. Bd3 b6 10. O-O h6 11. Nd2 g5 12. Nb3 Nb7 13. a4 Bd7 14. f3 Nf6 15. Rf2 O-O
16. Rfa2 Na5 17. Nd2 Nh5 18. g3 Ng7 19. g4 h5 20. Nf1 h4 21. Ne3 f6 22. h3 Kf7
23. Nf1 Qc7 24. Nd2 Qd8 25. Nf1 Ne8 26. Ne3 Nc7 27. Bd2 Rh8 28. Kh2 Na6 29. Kg1
Nb8 30. Kh2 Bc8 31. Rb1 Nd7 32. Qe2 Nf8 33. Bc2 Ng6 34. Ng2 Ba6 35. Bd3 Nf4 36.
Bxf4 exf4 37. Ne1 Qe8 38. Nc2 Qe5 39. Ra3 Rhe8 40. Na1 Kg7 41. Rc1 Bc8 42. Nb3
Bd7 43. Nd2 Nb7 44. Qd1 Rab8 45. Qc2 Nd8 46. a5 Re7 47. axb6 axb6 48. Rb1 Be8
49. Qa2 Reb7 50. Bc2 Nf7 51. Kg2 Qe7 52. Ba4 Bxa4 53. Rxa4 Ne5 54. Rb5 Kg6 55.
Qb1 Ra7 56. Rxa7 Qxa7 57. Rb3 Qa6 58. Rb5 Kf7 59. Kf2 Ke7 60. Ke2 Kd7 61. Kf2
Kc7 62. Ke2 Qa4 63. Rb2 Nxc4 64. Ra2 Nxd2 65. Kxd2 Qc4 66. Qa1 Rb7 67. Ra8 Qb5
68. Rf8 Kd7 69. Rf7+ Kc8 70. Qa8+ Rb8 71. Qa1 Rb7 72. Rxf6 Kd8 73. Qa8+ 1-0

[Event "Titled Tue 20th May Late"]
[Site "chess.com INT"]
[Date "2025.05.20"]
[Round "8"]
[White "Grot, Blazej"]
[Black "Sampaoli, Cristian"]
[Result "1-0"]
[WhiteTitle "CM"]
[BlackTitle "CM"]
[WhiteElo "2217"]
[BlackElo "2211"]
[WhiteFideId "21835845"]
[BlackFideId "115800"]
[EventDate "2025.05.20"]

1. d4 d5 2. c4 e6 3. Nf3 c5 4. cxd5 exd5 5. Nc3 Nc6 6. g3 c4 7. Bg2 Bb4 8. O-O
Nge7 9. e3 O-O 10. Bd2 Bf5 11. Re1 Rc8 12. Nh4 Bd3 13. Qa4 a6 14. a3 Bxc3 15.
Bxc3 b5 16. Qxa6 Rb8 17. Bb4 Rb6 18. Bxe7 Nxe7 19. Qa5 Nc6 20. Qd2 b4 21. axb4
Nxb4 22. Rec1 Qb8 23. Ra5 Rd8 24. Nf3 Nc6 25. Ra2 Nb4 26. Raa1 Nc6 27. Ra2 Nb4
28. Ra5 Nc6 29. Rc5 Rxb2 30. Qc3 Rb3 31. Qa1 Nb4 32. Ne5 Nc2 33. Qa5 Rb1 34. Qd2
Qb2 35. Nxd3 cxd3 36. Rxb1 Qxb1+ 37. Bf1 Nb4 38. Rc1 Qb3 39. Rd1 Rc8 40. Bxd3
Nxd3 41. Qxd3 Qb7 42. h4 h6 43. Qf5 Rd8 44. Rb1 Qe7 45. Kg2 Re8 46. Qxd5 Qf6 47.
Rb7 Rf8 48. Qf3 Qe6 49. d5 Qd6 50. e4 Qe5 51. Rb1 Qd6 52. Rd1 Re8 53. Re1 Qe5
54. Qf4 Qd4 55. Re3 Qc4 56. d6 Qe6 57. e5 Qd5+ 58. Qf3 Qe6 59. Qc6 Rd8 60. Qe4
g6 61. Qf4 Kg7 62. Rf3 Rd7 63. Qf6+ Qxf6 64. Rxf6 Rd8 65. Rf4 Rd7 66. Re4 Rd8
67. f4 Re8 68. Rc4 Rd8 69. Kf3 Kf8 70. Ke4 Ra8 71. Rc7 Ra4+ 72. Kd5 Ra5+ 73. Rc5
Ra1 74. Kc6 Ke8 75. Rb5 Rc1+ 76. Kd5 Rd1+ 77. Ke4 Re1+ 78. Kf3 Kd7 79. Rb7+ Ke6
80. Re7+ Kd5 81. Rxf7 h5 82. d7 Ke6 83. d8=Q Kxf7 84. Qf6+ Ke8 85. Qxg6+ Kf8 86.
Qxh5 Kg7 87. Qg5+ Kh7 88. Qf5+ Kh8 89. e6 Kg7 90. Qf7+ Kh6 91. Qf6+ Kh7 92. e7
Rb1 93. Qf5+ Kh6 94. Qxb1 Kg7 95. e8=Q Kh6 96. Qeg6# 1-0

[Event "Titled Tue 20th May Late"]
[Site "chess.com INT"]
[Date "2025.05.20"]
[Round "8"]
[White "Kollars, Dmitrij"]
[Black "Demchenko, Anton"]
[Result "0-1"]
[WhiteTitle "GM"]
[BlackTitle "GM"]
[WhiteElo "2625"]
[BlackElo "2619"]
[WhiteFideId "12909572"]
[BlackFideId "4160258"]
[EventDate "2025.05.20"]

1. e4 d6 2. d4 Nf6 3. Nc3 e5 4. Nf3 Nbd7 5. Bc4 Be7 6. O-O O-O 7. a4 c6 8. h3 h6
9. Re1 Re8 10. Be3 Qc7 11. a5 exd4 12. Nxd4 Bf8 13. Bf4 Ne5 14. Bf1 Bd7 15. Bg3
Ng6 16. Qd3 b5 17. axb6 axb6 18. Rxa8 Rxa8 19. Nf5 Ne5 20. Qd4 Bxf5 21. exf5 b5
22. Bh4 Ned7 23. g4 d5 24. b4 Bd6 25. Ne2 Re8 26. Rd1 Ne4 27. c3 Ng5 28. Bxg5
hxg5 29. Qd2 Ne5 30. Nd4 Qb6 31. Qa2 Be7 32. Be2 Bf6 33. Kf1 Nc4 34. Bxc4 dxc4
35. Qc2 c5 36. bxc5 Qxc5 37. Ne2 b4 38. cxb4 Qxb4 39. Rc1 Rc8 40. Rb1 Qd6 41.
Qe4 c3 42. Rc1 Qd7 43. Rc2 Qb5 44. Kg2 Re8 45. Qf3 Qb3 46. Qd3 Rd8 47. Qe4 Rc8
48. Nc1 Qb5 49. Nd3 Re8 50. Qf3 Qc4 51. Nc1 Re1 52. Nd3 Ra1 53. Nc1 Rb1 54. Qe2
Qc6+ 55. Qf3 Qxf3+ 56. Kxf3 Rb2 57. Re2 Rb4 58. Ke3 Rc4 59. Kd3 Rc8 60. Kc2 Rb8
61. Nd3 Ra8 62. Kb3 Ra1 63. Nb4 Rb1+ 64. Kc4 Rh1 65. Re3 Rh2 66. Rf3 Rh1 67. Nc2
Rc1 68. Kd3 Rd1+ 69. Kc4 Rd2 70. Kb3 Kf8 71. Ne3 Rb2+ 72. Ka3 c2 73. Nxc2 Rxc2
74. Kb3 Rc1 75. Re3 Rf1 76. Rf3 Ke7 77. Kc4 Re1 78. Kd5 Re5+ 79. Kc6 Re4 80. Rb3
Be5 81. Rb7+ Kf6 82. Rb6 Re2 83. Kd5+ Ke7 84. Rb7+ Ke8 85. Ra7 Bf6 86. Ra8+ Kd7
87. Ra7+ Kd8 88. Rxf7 Rxf2 89. Ra7 Rh2 90. Kd6 Kc8 91. Kc6 Rc2+ 92. Kd6 Rd2+ 93.
Kc6 Kd8 94. Rb7 Rd3 95. h4 gxh4 96. g5 Bxg5 97. Rxg7 Rg3 98. Rh7 Ke8 99. Kd6 Re3
100. Rh5 Bf6 101. Rh7 Kf8 102. Kd5 Kg8 103. Rh5 Kg7 104. Kd6 Re8 105. Kd5 Re5+
106. Kc4 Re3 107. Kd5 h3 108. Kc5 Be5 109. Kd5 h2 110. Ke6 Re1 111. Rg5+ Kh6
112. Rg6+ Kh7 113. Rg8 h1=Q 114. Rg6 Qh5 115. Kf7 Qxf5+ 116. Rf6 Qxf6+ 0-1

[Event "Titled Tue 20th May Late"]
[Site "chess.com INT"]
[Date "2025.05.20"]
[Round "9"]
[White "May Sanchez, Andres Elias"]
[Black "Carlsson, Ludvig"]
[Result "1-0"]
[BlackTitle "IM"]
[WhiteElo "2209"]
[BlackElo "2374"]
[WhiteFideId "5150973"]
[BlackFideId "1727010"]
[EventDate "2025.05.20"]

1. Nf3 d5 2. b3 Nf6 3. Bb2 e6 4. g3 Be7 5. Bg2 O-O 6. O-O b6 7. c4 Bb7 8. d3
Nbd7 9. Nbd2 c5 10. Re1 Rc8 11. Rc1 Qc7 12. d4 Qb8 13. Ne5 dxc4 14. Ndxc4 cxd4
15. Nxd7 Nxd7 16. Qxd4 Bxg2 17. Qxg7# 1-0